| 000 | 00636nam a2200217 u 4500 | ||
|---|---|---|---|
| 005 | 20240831063734.0 | ||
| 008 | 100521s2005 r 000 0 eng d | ||
| 020 | _a8421694707 | ||
| 035 | _aUPN01000176019 | ||
| 049 | _aI | ||
| 050 | 4 |
_aPZ74.9 _bE8.76 |
|
| 100 | 1 |
_aEstrada, Rafael, _d1954- |
|
| 245 | 1 | 3 |
_aLa sonrisa del ogro / _cRafael Estrada ; il. de Ma. Luisa Torcida. |
| 260 |
_aMadrid : _bBruño, _c2005. |
||
| 300 |
_a115 p. : _bil. |
||
| 440 | 0 |
_aDelfines. _pMisterio ; _v4 |
|
| 650 | 4 |
_aCuentos infantiles españoles _97725 |
|
| 650 | 4 |
_aDETECTIVES - _vLITERATURA INFANTIL _912470 |
|
| 905 | _aLibro | ||
| 999 |
_c148122 _d148122 |
||